Spies of the Sahara / (Record no. 17199)

000 -LEADER
fixed length control field 00334nam a22001217a 4500
040 ## - CATALOGING SOURCE
Transcribing agency DLC
082 ## - DEWEY DECIMAL CLASSIFICATION NUMBER
Classification number 823 SAM 1965 A111 Or.
100 0# - MAIN ENTRY--AUTHOR NAME
Personal name Ex-Légionnaire 1384.
245 10 - TITLE STATEMENT
Title Spies of the Sahara /
260 ## - PUBLICATION, DISTRIBUTION, ETC. (IMPRINT)
Place of publication London :
Name of publisher Sampson Low, Marston & Co.,
Year of publication [1965?]
300 ## - PHYSICAL DESCRIPTION
Number of Pages 280 p., [7] leaves of plates :
Other physical details ill. ;
Dimensions 23 cm.
942 ## - ADDED ENTRY ELEMENTS (KOHA)
Koha item type សៀវភៅភាសាអង់គ្លេស
952 ## - LOCATION AND ITEM INFORMATION (KOHA)
Withdrawn status [LOCAL, KOHA] 0
Holdings
Permanent Location Date acquired Koha item type Lost status Shelving location Barcode Current Location Full call number
Library Block A2018-09-04សៀវភៅភាសាអង់គ្លេស A111A23590Library Block A823 SAM 1965 A111 Or.
មជ្ឈមណ្ឌលឯការនៃសាកលវិទ្យាល័យភូមិន្ទកសិកម្មចំការដូង

Powered by Koha